|
|
|
|
| LEADER |
02425nam a22005415i 4500 |
| 001 |
978-3-319-23258-4 |
| 003 |
DE-He213 |
| 005 |
20151204191123.0 |
| 007 |
cr nn 008mamaa |
| 008 |
150821s2016 gw | s |||| 0|eng d |
| 020 |
|
|
|a 9783319232584
|9 978-3-319-23258-4
|
| 024 |
7 |
|
|a 10.1007/978-3-319-23258-4
|2 doi
|
| 040 |
|
|
|d GrThAP
|
| 050 |
|
4 |
|a Q342
|
| 072 |
|
7 |
|a UYQ
|2 bicssc
|
| 072 |
|
7 |
|a COM004000
|2 bisacsh
|
| 082 |
0 |
4 |
|a 006.3
|2 23
|
| 245 |
1 |
0 |
|a Intelligent Systems Technologies and Applications
|h [electronic resource] :
|b Volume 2 /
|c edited by Stefano Berretti, Sabu M. Thampi, Soura Dasgupta.
|
| 250 |
|
|
|a 1st ed. 2016.
|
| 264 |
|
1 |
|a Cham :
|b Springer International Publishing :
|b Imprint: Springer,
|c 2016.
|
| 300 |
|
|
|a XVIII, 464 p. 194 illus.
|b online resource.
|
| 336 |
|
|
|a text
|b txt
|2 rdacontent
|
| 337 |
|
|
|a computer
|b c
|2 rdamedia
|
| 338 |
|
|
|a online resource
|b cr
|2 rdacarrier
|
| 347 |
|
|
|a text file
|b PDF
|2 rda
|
| 490 |
1 |
|
|a Advances in Intelligent Systems and Computing,
|x 2194-5357 ;
|v 385
|
| 505 |
0 |
|
|a Ad-hoc and Wireless Sensor Networks -- Intelligent Distributed Computing -- Business Intelligence and Big Data Analytics.
|
| 520 |
|
|
|a This book contains a selection of refereed and revised papers from three special tracks: Ad-hoc and Wireless Sensor Networks, Intelligent Distributed Computing and, Business Intelligence and Big Data Analytics originally presented at the International Symposium on Intelligent Systems Technologies and Applications (ISTA), August 10-13, 2015, Kochi, India. .
|
| 650 |
|
0 |
|a Engineering.
|
| 650 |
|
0 |
|a Computer communication systems.
|
| 650 |
|
0 |
|a Data mining.
|
| 650 |
|
0 |
|a Artificial intelligence.
|
| 650 |
|
0 |
|a Computational intelligence.
|
| 650 |
1 |
4 |
|a Engineering.
|
| 650 |
2 |
4 |
|a Computational Intelligence.
|
| 650 |
2 |
4 |
|a Artificial Intelligence (incl. Robotics).
|
| 650 |
2 |
4 |
|a Computer Communication Networks.
|
| 650 |
2 |
4 |
|a Data Mining and Knowledge Discovery.
|
| 700 |
1 |
|
|a Berretti, Stefano.
|e editor.
|
| 700 |
1 |
|
|a Thampi, Sabu M.
|e editor.
|
| 700 |
1 |
|
|a Dasgupta, Soura.
|e editor.
|
| 710 |
2 |
|
|a SpringerLink (Online service)
|
| 773 |
0 |
|
|t Springer eBooks
|
| 776 |
0 |
8 |
|i Printed edition:
|z 9783319232577
|
| 830 |
|
0 |
|a Advances in Intelligent Systems and Computing,
|x 2194-5357 ;
|v 385
|
| 856 |
4 |
0 |
|u http://dx.doi.org/10.1007/978-3-319-23258-4
|z Full Text via HEAL-Link
|
| 912 |
|
|
|a ZDB-2-ENG
|
| 950 |
|
|
|a Engineering (Springer-11647)
|